| 000 | 01216cam a22003734a 4500 | ||
|---|---|---|---|
| 001 | 86888 | ||
| 005 | 20230410132853.0 | ||
| 008 | 080820s2007 ag b 001 0 spa c | ||
| 010 | _a 2008458433 | ||
| 035 | _a(OCoLC)ocn239300522 | ||
| 040 |
_aCGU _cCGU _dDLC _dIXA |
||
| 020 | _a9789507866418 | ||
| 020 | _a9507866418 | ||
| 029 | 1 |
_aAU@ _b000043418020 |
|
| 035 | _a(OCoLC)239300522 | ||
| 042 | _apcc | ||
| 050 | 1 | 4 |
_aB HX 183.8 _bU26B 2007 |
| 049 | _aGRAL | ||
| 100 | 1 | _aBarrios, Miguel Angel. | |
| 245 | 1 | 3 |
_aEl latinoamericanismo en el pensamiento político de Manuel Ugarte / _cMiguel Angel Barrios; prol. por Alberto Methol Ferré |
| 260 |
_aBuenos Aires : _bEditorial Biblos, _c2007. |
||
| 300 |
_a255 p. ; _c23 cm. |
||
| 504 | _aIncludes bibliographical references(p.245-255) and index | ||
| 600 | 1 | 0 |
_aUgarte, Manuel, _d1878-1951. |
| 600 | 1 | 0 |
_aUgarte, Manuel, _d1878-1951 _xPolitical and social views. |
| 650 | 0 |
_aSocialists _zArgentina _vBiography. |
|
| 650 | 0 | _aPan-Americanism. | |
| 600 | 1 | 4 |
_aUgarte, Manuel, 1878-1951 _xPensamiento político y social. |
| 650 | 4 | _aPanamericanismo. | |
| 700 | 1 | _aMethol Ferré, Alberto. | |
| 942 |
_2lcc _cbk |
||
| 994 |
_aC0 _bDRFGD |
||
| 946 | _aJP | ||
| 999 |
_c89264 _d89264 |
||